zpět

Detail výsledku týmu

Bridge Bar, Týn nad Vltavou

Datum a čas kvízu

24 Celkem bodů Celkový počet nahraných bodů na tomto kvízu bez doplňovacích otázek.
16. Pořadí na kvízu Konečné umístění týmu na tomto kvízu.

Zaznamenané odpovědi

# Otázka Odpověď Body Výsledky
1. Míla Rozner opět v Hospodském... šesti měsíců 0
2. Minulý týden navštívil Českou... Polska 0
3. Ve čtvrtek vstoupil do našich... Promlčeno 0
4. Minulý týden konečně nabyl jas... Elon Musk, Twitter 1
5. V minulém kole skalp pražské S... Hradec Králové 1
6. Při závodech osmiveslic nesmí... kormidelníka 0
7. Seřaďte následující zvířata po... 1A 2B 3C 4D 0
8. Sféra s 26 otvory, plocha 800... o florbale 0
9. Kterou hodnotu určuje číslo 13... C 0
10. Křížová cesta je řada kapliček... 14 zastavení 1